Представление документа в формате MARC21

Поле Инд. ПП Название Значение
Тип записи a
Библиографический уровень m
001 Контрольный номер 71e1bda2dcc54e1784c499d9158ea085
005 Дата корректировки 20250827172427.3
084 a Индекс другой классификации/Индекс ББК 75
091 i Возрастная адресация (DOS) 12+
097 b Оператор Чирова
245 10 a Заглавие Физкультура и спорт
n Номер части/ раздела 8
260 c Дата издания 2025
900 a Имя макрообъекта E0041D100131B407
901 t Тип документа s